| 000 | 02001cam a22004694i 4500 | ||
|---|---|---|---|
| 003 | PE-LiUPU | ||
| 005 | 20250731173147.0 | ||
| 008 | 150623s r 000 0 d | ||
| 020 | _a0830718621 | ||
| 035 | _a(Sirsi) i9780830718627 | ||
| 040 |
_aPE-LiUPU _bspa _cPE-LiUPU _erda |
||
| 049 | _aPRUA | ||
| 082 | 0 | 4 |
_a262.1 _bB23 _221 |
| 100 | 1 |
_aBarna, George, _eautor. |
|
| 245 | 1 | 0 |
_aLeaderson Leadership : _bWisdom, advice and encouragement on the art of leading God's people / _cGeorge Barna. |
| 264 | 1 |
_aVentura, California : _bRegal Books, _c1997. |
|
| 300 | _c23 centímetros | ||
| 336 |
_atext _2rdacontent |
||
| 337 |
_aunmediated _2rdamedia |
||
| 338 |
_avolume _2rdacarrier |
||
| 490 | 0 | _aThe Leading Edge Series | |
| 504 | _aIncluye bibliografía al final de cada capítulo. | ||
| 505 | 0 | _aNothing is more important than leadership. What leaders do. The vision thing. The character of a leader. Benoming a spirtually mature leader. Being a tough but tender leader. Helping leaders grow. The life cycle of a leader. The role of innovation in leadership. The leader as change agent. Building a team to get the job done. Conflict: The refining fire of leadership. Creating the right leadership culture. The importance of prayer in leading people. Transition in leadership. | |
| 526 | _aSEG42 | ||
| 526 | _aSEG41 | ||
| 526 | _aSEG40 | ||
| 526 | _aSEG39 | ||
| 526 | _aP94 | ||
| 526 | _aP87 | ||
| 526 | _aP86 | ||
| 526 | _aP85 | ||
| 526 | _aP77 | ||
| 526 | _aP76 | ||
| 526 | _aP35 | ||
| 650 | 0 | 4 | _aLiderazgo cristiano. |
| 942 |
_2ddc _cBOOK |
||
| 949 |
_a262.1 B23 _wDEWEY _c1 _i53351 _lCCODEBUL1 _mBUL _p17.00 _r0 _sY _tBOOK _u2015-6-24 _xTEOLOGIA _PP35 _0COMPRA _o.STAFF. Colección General |
||
| 994 |
_aC0 _bPEPRU |
||
| 596 | _a1 | ||
| 999 |
_a262.1 B23 _wDEWEY _c35318 _i53351 _f2021-11-10 _g5 _lCCODEBUL1 _mBUL _p17.00 _r0 _sY _tBOOK _u2015-6-24 _xTEOLOGIA _PP35 _0COMPRA _o.STAFF. Colección General _d35318 |
||
| 980 |
_81 _gALBERTO SANCHEZ Responsable de Automatización |
||